| 000 | 00857cam a2200265 i 4500 | ||
|---|---|---|---|
| 001 | bg | ||
| 003 | KOSZ 005 | ||
| 005 | 20210218130031.0 | ||
| 008 | 010626s1977 pl a |000 0 pol | ||
| 015 | _aPB 1977/2885 | ||
| 040 |
_aWA N _cKOSZ 005/HR _dKOSZ 005/HR |
||
| 080 | _a001.102 | ||
| 080 | _a001.895 | ||
| 080 | _a007 | ||
| 100 | 1 |
_aPomykalski, Andrzej _eAutor |
|
| 245 | 1 | 0 |
_aInformacja na potrzeby innowacji / _cAndrzej Pomykalski. |
| 260 |
_aWarszawa : _bInstytut Wydawniczy CRZZ, _c1976 dr. ukończ. 1977. |
||
| 300 |
_a150, [2] s. : _bil., tab. ; _c20 cm. |
||
| 504 | _aBibliogr. s. 150-[151]. | ||
| 650 | 4 | _aInformacja naukowa | |
| 650 | 4 | _aInnowacje | |
| 650 | 4 | _aTeoria informacji | |
| 856 |
_uhttp://koha.tu.koszalin.pl/cgi-bin/koha/opac-detail.pl?biblionumber=26991 _yKatalog online BPK |
||
| 942 |
_2UKD _cKS |
||
| 999 |
_c26991 _d26991 |
||